00955cam a22002777a 4500003000500000005001700005008004100022010001000063011001000073020001500083035001000098040000900108100001300117245012600130260010200256300001900358410006900377490003100446650002600477650001500503650002700518700001600545700001600561810006900577830003100646CHAP20220817043533.0990520d1998 ii a r 00010 eng d a77881 a78853 a9290662905 a88955 cCHAP00aYoum, O. 0aUse of pheromone traps for monitoring the millet stem borer (Coniesta ignefusalis)c/by O. Youm, D. Russell and D.R. Hall aAndhra Pradesh, India :bInternational Crops Research Institute for the Semi-Arid Tropics,c1998. a14 p. :bilus.01aInternational Crops Research Institute for the Semi-Arid Tropics 0aInformation bulletinv; 4014aConiesta ignefusalis.14aFeromonas.14aTrampas para insectos.0 aHall, D. R.0 aRussell, O.01aInternational Crops Research Institute for the Semi-Arid Tropics0 aInformation bulletinv; 40